| 000 | 00742nam a22001937a 4500 | ||
|---|---|---|---|
| 999 |
_c176278 _d176278 |
||
| 005 | 20201208163247.0 | ||
| 010 | _aUR-10957 | ||
| 020 |
_c300.00 _a9789390100323 |
||
| 035 | _aU-9512 | ||
| 037 | _bDBAD/PUB | ||
| 082 | _a954.7 | ||
| 100 | _aکيو ل د ھير | ||
| 245 |
_aميں د ھير ہو ں (لا ہو ر کی تا ر يچ،ثقا فتی،سيا سی،ا و ر ا د بی د ستا و يز ) _cکيو ل د ھير |
||
| 246 |
_bMein Lahore Hun (Urdu) _aby Kewal Dheer |
||
| 260 |
_aN.Delhi _bEducational Publishing House _c2020 ء |
||
| 270 |
_aH.O.D1/16,Ansari Road,Darya ganj, _bN.Delhi _e110002 _k45678285,23216162 _l0091-11-23211540 |
||
| 300 |
_a220 ص _c22 Cm(Hb) |
||
| 942 |
_2ddc _cUR _h954.7 _mک ے و |
||